<?xml version="1.0" encoding="UTF-8"?>
<resp>
  <nextPage>https://data.bn.org.pl/api/networks/bibs.marcxml?marc=001+b00001150002868&amp;sinceId=1150002869</nextPage>
  <collection>
    <record xmlns='http://www.loc.gov/MARC21/slim'><leader>01016namZa2200313ZiZ4500</leader><controlfield tag='001'>b00001150002868</controlfield><controlfield tag='005'>20260416110628.5</controlfield><controlfield tag='008'>230609s        pl           |000 0 pol c</controlfield><controlfield tag='009'>9913261596105606</controlfield><datafield ind1=' ' ind2=' ' tag='020'><subfield code='a'>83909931</subfield></datafield><datafield ind1=' ' ind2=' ' tag='035'><subfield code='a'>KR_1KR_1_20120317230256048650-48omnis_kr</subfield></datafield><datafield ind1=' ' ind2=' ' tag='035'><subfield code='a'>(PL)b00001150002868</subfield></datafield><datafield ind1=' ' ind2=' ' tag='040'><subfield code='a'>KR_1</subfield><subfield code='c'>KR_1</subfield></datafield><datafield ind1='0' ind2=' ' tag='041'><subfield code='a'>pol</subfield></datafield><datafield ind1='1' ind2=' ' tag='100'><subfield code='a'>Łuszczuk, Michał</subfield></datafield><datafield ind1='1' ind2='0' tag='245'><subfield code='a'>Rzecznik Praw Obywateli Unii Europejskiej :</subfield><subfield code='b'>(Ombudsman UE) /</subfield><subfield code='c'>Michał Łuszczuk ; [Urząd Komitetu Integracji Europejskiej].</subfield></datafield><datafield ind1=' ' ind2=' ' tag='260'><subfield code='a'>W-wa ;</subfield><subfield code='b'>UKIE,</subfield><subfield code='c'>2000.</subfield></datafield><datafield ind1=' ' ind2=' ' tag='300'><subfield code='a'>87 s. :</subfield><subfield code='b'>il. ;</subfield><subfield code='c'>24 cm.</subfield></datafield><datafield ind1='1' ind2=' ' tag='490'><subfield code='a'>Biblioteka Europejska ;</subfield><subfield code='v'>18</subfield></datafield><datafield ind1=' ' ind2=' ' tag='500'><subfield code='a'>n</subfield></datafield><datafield ind1=' ' ind2=' ' tag='504'><subfield code='a'>Bibliogr.</subfield></datafield><datafield ind1=' ' ind2='9' tag='650'><subfield code='a'>Rzecznik praw obywatelskich</subfield><subfield code='x'>Unia Europejska</subfield></datafield><datafield ind1='2' ind2=' ' tag='710'><subfield code='a'>Komitet Integracji Europejskiej</subfield></datafield><datafield ind1=' ' ind2=' ' tag='852'><subfield code='b'>48OMNIS_NETWORK</subfield><subfield code='8'>9913261596105606</subfield></datafield><datafield ind1=' ' ind2=' ' tag='852'><subfield code='b'>48OMNIS_KR</subfield><subfield code='8'>991000028669708216</subfield></datafield><datafield ind1=' ' ind2=' ' tag='920'><subfield code='a'>83-909931-9-8</subfield></datafield></record>
  </collection>
</resp>
